[Event "Ruhrgebiet VK2 0405"]
[Site "Ruhrgebiet"]
[Date "2005.03.13"]
[Round "8.8"]
[White "Hain, Christian"]
[Black "Bruchmueller, Marcel"]
[Result "0-1"]
[WhiteElo "1762"]
[BlackElo "1548"]
[PlyCount "38"]
[EventDate "2004.09.12"]
[EventType "team"]
[EventRounds "9"]
[EventCountry "GER"]
[SourceTitle "EXT 2006"]
[Source "ChessBase"]
[SourceDate "2005.11.24"]
[SourceVersion "1"]
[SourceVersionDate "2005.11.24"]
[SourceQuality "1"]
[WhiteTeam "Brackel III"]
[BlackTeam "Holsterhausen II"]
[WhiteTeamCountry "GER"]
[BlackTeamCountry "GER"]

1. d4 d5 2. c4 e6 3. Nc3 Nf6 4. Bg5 Nbd7 5. e3 Be7 6. Nf3 b6 7. cxd5 Nxd5 8. Bxe7 Nxe7 9. Be2 Bb7 10. 0-0 0-0 11. Rc1 Rc8 12. Qa4 a6 13. Rfd1 b5 14. Qb3 Nd5 15. Nxd5 Bxd5 16. Qa3 Bb7 17. Rc3 Nb6 18. Ne5 Qd6 19. Rdc1 b4 0-1